Ir para o conteúdo

Фолликулогенез и апоптоз в яичниках монография

В монографии представлены данные о морфологии и гистохимии генеративных элементов яичника, становления женской гонады в эмбриональном периоде и ее формирования в постнатальном онтогенезе. Рассмотрены молекулярные механизмы фолликулогенеза и запрограммированной гибели клеток - апоптоза как самих поло...

ver descrição completa

Na minha lista:
Detalhes bibliográficos
Autor principal: Зенкина В. Г.
Formato: Книга
Idioma:Russian
Publicado em: Владивосток ТГМУ 2019
Acesso em linha:https://e.lanbook.com/book/309827
https://e.lanbook.com/img/cover/book/309827.jpg
Tags: Adicionar Tag
Sem tags, seja o primeiro a adicionar uma tag!
LEADER 02364nam0a2200265 i 4500
001 309827
003 RuSpLAN
005 20230222141245.0
008 230222s2019 ru gs 000 0 rus
020 |a 978-5-98301-176-2 
040 |a RuSpLAN 
041 0 |a rus 
044 |a ru 
080 |a 611.651.15.013.16/17:616-091.818 
084 |a 28.864.12  |2 rubbk 
245 0 0 |a Фолликулогенез и апоптоз в яичниках  |b монография  |c Зенкина В. Г. 
260 |a Владивосток  |b ТГМУ  |c 2019 
300 |a 172 с. 
504 |a Библиогр.: доступна в карточке книги, на сайте ЭБС Лань 
520 8 |a В монографии представлены данные о морфологии и гистохимии генеративных элементов яичника, становления женской гонады в эмбриональном периоде и ее формирования в постнатальном онтогенезе. Рассмотрены молекулярные механизмы фолликулогенеза и запрограммированной гибели клеток - апоптоза как самих половых клеток, так и их микроокружения, участие в данном процессе различных факторов и белков. Проанализированы структурные механизмы возникновения патологий репродуктивной системы, истощения овариального запаса, связанных сдеффектами апоптоза. Обсуждаются вопросы участия газотрансмиттеров в гибели половых и соматических клеток яичников. Книга представляет интерес для морфологов, физиологов и клиницистов, работающих в области репродуктивной биологии. 
521 8 |a Книга из коллекции ТГМУ - Медицина 
100 1 |a Зенкина В. Г. 
856 4 |u https://e.lanbook.com/book/309827 
856 4 8 |u https://e.lanbook.com/img/cover/book/309827.jpg 
953 |a https://e.lanbook.com/img/cover/book/309827.jpg